|
|
|
|
| LEADER |
00000cam a2200000 4500 |
| 001 |
vtls012264955 |
| 003 |
SK-MaSNL |
| 005 |
20260301060832.0 |
| 008 |
241008s2024 xr al f nf 001 0 cze |
| 015 |
|
|
|a SNBA2025/09
|
| 020 |
|
|
|a 9788028003531
|q (viazané)
|
| 020 |
|
|
|a 9788028003678
|q (online ; pdf)
|
| 040 |
|
|
|a SNK
|b slo
|c SNK
|e rda
|
| 041 |
0 |
|
|a cze
|
| 044 |
|
|
|a xr
|c CZ
|
| 072 |
|
7 |
|a 57/59
|x Biologické vedy
|2 konspekt
|
| 080 |
|
|
|a 303.7
|2 2001
|
| 080 |
|
|
|a 57/59
|2 2001
|
| 080 |
|
|
|a 519.22
|2 2001
|
| 080 |
|
|
|a 004.9:311
|2 2001
|
| 080 |
|
|
|a (035)
|2 2001
|
| 100 |
1 |
|
|a Pekár, Stanislav,
|d 1970-
|4 aut
|9 158471
|
| 245 |
1 |
0 |
|a Moderní analýza biologických dat
|n 4. díl
|p Analýza času do události a další metody v prostředí R
|c Stano Pekár, Marek Brabec
|
| 246 |
3 |
|
|a Analýza času do události a další metody v prostředí R
|
| 250 |
|
|
|a 1. vydání
|
| 264 |
|
1 |
|a Brno
|b Masarykova univerzita
|c 2024
|
| 300 |
|
|
|a 252 strán
|b čiernobiele grafy, ilustrácie, vzorce
|c 24 cm
|
| 336 |
|
|
|a text
|b txt
|2 rdacontent
|
| 337 |
|
|
|a bez média
|b n
|2 rdamedia
|
| 338 |
|
|
|a zväzok
|b nc
|2 rdacarrier
|
| 504 |
|
|
|a Obsahuje bibliografiu na strane 241-244 a register
|
| 650 |
0 |
7 |
|a analýza dát
|2 SNKPH
|9 82141
|
| 650 |
0 |
7 |
|a Data analysis
|2 SNKPHeng
|9 340795
|
| 650 |
0 |
7 |
|a Biological sciences
|2 SNKPHeng
|9 372790
|
| 650 |
0 |
7 |
|a Statistical models
|2 SNKPHeng
|9 325280
|
| 650 |
0 |
7 |
|a Statistical software
|2 SNKPHeng
|9 372791
|
| 650 |
0 |
7 |
|a biologické vedy
|2 SNKPH
|9 24539
|
| 650 |
0 |
7 |
|a štatistické modely
|2 SNKPH
|9 75986
|
| 650 |
0 |
7 |
|a štatistický softvér
|2 SNKPH
|9 69552
|
| 655 |
|
7 |
|a príručky
|2 SNKPH
|9 74364
|
| 655 |
|
7 |
|a Handbooks, manuals, etc.
|2 SNKPHeng
|9 90964
|
| 700 |
1 |
|
|a Brabec, Marek,
|d 1966-
|4 aut
|9 124907
|
| 852 |
|
|
|a Slovenská národná knižnica
|
| 919 |
|
|
|a 978-80-280-0353-1
|
| 919 |
|
|
|a 978-80-280-0367-8
|
| 954 |
|
|
|a odborná, vedecká literatúra pôvodná (slovenská)
|2 lita
|
| 954 |
|
|
|a odborná, vedecká literatúra cudzojazyčná (svetová)
|2 lita
|
| 958 |
|
|
|a ZS
|
| 958 |
|
|
|a SK
|
| 958 |
|
|
|a CZ
|
| 958 |
|
|
|a NB
|
| 999 |
|
|
|c 616342
|d 618272
|
| 952 |
|
|
|a SNK
|b SNK
|y PREZ
|7 0
|p 17A1564636
|o snkSC 210396
|i snk2025/5290
|8 4
|g 21.47
|0 0
|1 0
|4 0
|d 2024-10-08
|l 0
|r 2025-11-03 00:00:00
|w 2026-02-23
|